Sautéed and Stir-Fried Food - Sudden Death - Statistics

General Stats
  • This quiz has been taken 57 times
  • The average score is 6 of 16
Answers on the Grid
Answers color-coded by a green-red scale on the quiz's grid according to % correct below.
Pad thai
Pad kaprao / Pad kaprow
Nasi goreng nanas
Kimchi fried rice / Kimchi-bokkeumbap
Japchae
Dak-galbi
Shanghai stir-fry shrimps / You bao xia
Lomo saltado
Penne all'arrabbiata
Naengmyeon
Miso ramen
Chankonabe
Gibelotte de Sorel
Guacamole
Momo
Poke
Gobi matar
Chicken chasseur
Chow mein
Tempe orek
Black pepper crab
Ants climbing a tree / Ma yi shang shu
Yakisoba
Kung pao chicken
Tabbouleh
Idli / Idly
Pla neung manao
Bak kut teh
 
Answer Stats
Answer % Correct
Chow mein
78%
Pad thai
75%
Kimchi fried rice / Kimchi-bokkeumbap
72%
Shanghai stir-fry shrimps / You bao xia
58%
Pad kaprao / Pad kaprow
56%
Kung pao chicken
53%
Japchae
44%
Black pepper crab
33%
Nasi goreng nanas
33%
Yakisoba
28%
Ants climbing a tree / Ma yi shang shu
22%
Lomo saltado
22%
Chicken chasseur
17%
Tempe orek
14%
Dak-galbi
11%
Gobi matar
8%
No matching quizzes found
Score Distribution
Percent of People with Each Score
Percentile by Number Answered
Your Score History
You have not taken this quiz